00915nam a2200253 a 450000100100000000500170001000800410002704100080006804300120007610000220008824500760011025000120018626000610019830000190025950000300027850000340030850000510034250001500039365000200054365000220056365000220058565000240060770000300063100003082920200120222209.0071002s1992 ck a gr 000 p spa d0 aspa as-ck---0 aPerse, Saint John10aAnábasis /cSaint John Perse ; versión castellana de Jorge Zalamea. a1a. ed. aSantafé de Bogotá :bInstituto Caro y Cuervo,c1992. a40 p. :bil.,. aEj.1 Roma, Donado en 2005 aEj.1 Calle 63, Donado en 2005 aEdición facsimilar de la impresión de 1949 aEj. 1 de Biblioparque Funza: colección proveniente de la Antigua Biblioteca Municipal de Funza, Centro Cultural Bacatá, Funza (Cundinamarca).14aPoesía adulto24aLiteratura adulto14aPoesía francesa14aLiteratura francesa1 aZalamea, Jorgeetraductor